| 000 | 00000nam##2200000za#4500 |
| 001 | 9.602682 |
| 003 | CaOODSP |
| 005 | 20210624210707 |
| 007 | cr ||||||||||| |
| 008 | 150406|1998||||xxc|||||o f|0| 0 fre|d |
| 040 | |aCaOODSP|bfre |
| 043 | |an-cn--- |
| 086 | 1 |aF21-6/1998-10F-PDF |
| 110 | 1 |aCanada.|bMinistère des finances.|bGroupe de travail sur l'avenir du secteur des services financiers canadien. |
| 245 | 13|aLe financement des petites entreprises axées sur le savoir / |h[ressource électronique]|cpar Groupe Secor Inc. |
| 260 | |aOttawa - Ontario : |bFinances Canada. |cSeptembre 1998. |
| 300 | |a53p.|bfigures, graphiques, tableaux |
| 490 | 1 |aDocument de recherche préparé pour le Groupe de travail sur l'avenir du secteur des services financiers canadien |
| 500 | |aLe n° de catalogue (B122-61/3-1998F-10) et l'ISBN (0-662-83161-6) copiés dans cette édition PDF sont incorrects. |
| 590 | |a11-29-Supp|b2011-11-25 |
| 691 | 07|aPetite entreprise|2gcpds |
| 691 | 07|aFinances|2gcpds |
| 775 | 08|tFinancing knowledge-based small business / |w(CaOODSP)9.572305 |
| 776 | 0#|tLe financement des petites entreprises axées sur le savoir / |w(CaOODSP)9.624856 |
| 830 | #0|aDocument de recherche préparé pour le Groupe de travail sur l'avenir du secteur des services financiers canadien.|w(CaOODSP)9.503148 |
| 856 | 40|ahttp://publications.gc.ca|qPDF|s312 Ko|uhttps://publications.gc.ca/collections/Collection/F21-6-1998-10F.pdf |